000 00331nam a2200145Ia 4500
005 20251222143115.0
008 251222s9999||||xx |||||||||||||| ||spa||
020 _a9788474329681
082 _a306/Y89
100 _aYúdice, George
245 0 _aEl Recurso de la Cultura
250 _a1ra.ed.
264 _bGediga
942 _cLIB
999 _c11335
_d11335